UBT Library

SPSS for Windows step by step : (Record no. 39335)

000 -LEADER
fixed length control field 00745cam a22002291a 4500
001 - CONTROL NUMBER
control field 13768523
005 - DATE AND TIME OF LATEST TRANSACTION
control field 20171222071252.0
008 - FIXED-LENGTH DATA ELEMENTS--GENERAL INFORMATION
fixed length control field 041102s2005 maua bp 001 0 eng
010 ## - LIBRARY OF CONGRESS CONTROL NUMBER
LC control number 2004303212
020 ## - INTERNATIONAL STANDARD BOOK NUMBER
International Standard Book Number 0205452450 (pbk.)
040 ## - CATALOGING SOURCE
Original cataloging agency DLC
Transcribing agency DLC
Modifying agency DLC
041 ## - LANGUAGE CODE
Language code of text/sound track or separate title eng
080 ## - UNIVERSAL DECIMAL CLASSIFICATION NUMBER
Universal Decimal Classification number 004 DAR
082 ## - DEWEY DECIMAL CLASSIFICATION NUMBER
Classification number 004 DAR
100 1# - Rafti
Rafti 34
101 ## - Shkurtesa
Shkurtesa SHK
245 10 - TITLE STATEMENT
Title SPSS for Windows step by step :
Statement of responsibility, etc Darren George, Paul Mallery.
504 ## - BIBLIOGRAPHY, ETC. NOTE
Bibliography, etc Includes bibliographical references (p. [379]-380) and index.
906 ## - LOCAL DATA ELEMENT F, LDF (RLIN)
a 7
b cbc
c origres
d 2
e ncip
f 20
g y-gencatlg
942 ## - ADDED ENTRY ELEMENTS (KOHA)
Source of classification or shelving scheme
Item type Books
Holdings
Withdrawn status Lost status Source of classification or shelving scheme Damaged status Not for loan Permanent location Current location Date acquired Total Checkouts Full call number Barcode Date last seen Price effective from Koha item type
          UBT - Lipjan UBT - Lipjan 12/22/2017   004 DAR 002-2939872 12/22/2017 12/22/2017 Books
UBT Library © 2015-2024. All rights reserved University Education for Business and Technology